000 01014pam a2200289 i 4500
001 2979206
003 EG-ScBUE
005 20250526110122.0
008 921113r20082005ii a f b 001 0 eng d
020 _a9788126508860
040 _aEG-ScBUE
_beng
_erda
_cEG-ScBUE
_dEG-ScBUE
082 0 4 _222
_a531.1133
_bPAI
100 1 _aPain, H. J.
_q(Herbert John)
_912626
_eauthor.
245 1 4 _aThe physics of vibrations and waves /
_cH. J. Pain, formerly of Department of Physics, Imperial College of Science and Technology, London, UK.
250 _aSixth edition.
250 _aWiley student edition.
264 1 _aNew Delhi :
_bJohn Wiley & Sons, INC.,
_c2008.
300 _axx, 556 pages :
_billustrations ;
_c24 cm
336 _2rdacontent
_atext
_btxt
337 _aunmediated
_2rdamedia
_bn
338 _avolume
_bnc
_2rdacarrier
504 _aIncludes bibliographical references and index.
650 7 _aVibration.
_912627
_2BUEsh
650 7 _aWaves.
_912628
_2BUEsh
655 _vReading book
942 _2ddc
_cBB
999 _c13668
_d13668